<?xml version="1.0" encoding="UTF-8"?><?xml-stylesheet type="text/xsl" href="static/style.xsl"?><OAI-PMH xmlns="http://www.openarchives.org/OAI/2.0/" xmlns:xsi="http://www.w3.org/2001/XMLSchema-instance" xsi:schemaLocation="http://www.openarchives.org/OAI/2.0/ http://www.openarchives.org/OAI/2.0/OAI-PMH.xsd"><responseDate>2026-06-02T16:28:24Z</responseDate><request verb="GetRecord" identifier="oai:riuma.uma.es:10630/33849" metadataPrefix="marc">https://riuma.uma.es/rest/oai/request</request><GetRecord><record><header><identifier>oai:riuma.uma.es:10630/33849</identifier><datestamp>2026-02-03T11:06:14Z</datestamp><setSpec>com_10630_2254</setSpec><setSpec>col_10630_37953</setSpec></header><metadata><record xmlns="http://www.loc.gov/MARC21/slim" xmlns:dcterms="http://purl.org/dc/terms/" xmlns:doc="http://www.lyncode.com/xoai" xmlns:xsi="http://www.w3.org/2001/XMLSchema-instance" xsi:schemaLocation="http://www.loc.gov/MARC21/slim http://www.loc.gov/standards/marcxml/schema/MARC21slim.xsd">
   <leader>00925njm 22002777a 4500</leader>
   <datafield ind2=" " ind1=" " tag="042">
      <subfield code="a">dc</subfield>
   </datafield>
   <datafield ind2=" " ind1=" " tag="720">
      <subfield code="a">Prieto, Juan</subfield>
      <subfield code="e">author</subfield>
   </datafield>
   <datafield ind2=" " ind1=" " tag="720">
      <subfield code="a">Ajnannadhif, Rainanda M.</subfield>
      <subfield code="e">author</subfield>
   </datafield>
   <datafield ind2=" " ind1=" " tag="720">
      <subfield code="a">Fernández-del Olmo, Pablo</subfield>
      <subfield code="e">author</subfield>
   </datafield>
   <datafield ind2=" " ind1=" " tag="720">
      <subfield code="a">Coronas, Alberto</subfield>
      <subfield code="e">author</subfield>
   </datafield>
   <datafield ind2=" " ind1=" " tag="260">
      <subfield code="c">2023-02-25</subfield>
   </datafield>
   <datafield ind2=" " ind1=" " tag="520">
      <subfield code="a">World population growth, climate change, and water scarcity will increase food vulnerability, especially in developed countries. Therefore, increasing crop productivity is one of the main challenges to be addressed in the next years. In this sense, intensive horticulture will play a key role to supply the growing demand for food. In greenhouse farming in Mediterranean climates the passive control of the greenhouse ambient conditions is insufficient and, therefore, the use of active heating/cooling systems is required. The status of solar thermal, biomass, and absorption heat pump technologies makes the active management of greenhouse climate conditions technically feasible. At the same time, the utilization of solar thermal and biomass energies allows reducing, as much as possible, the consumption of natural resources and the generation of waste. In this study, we present a system based on solar thermal energy, biomass, and an air-cooled absorption chiller that are integrated to control the temperature of a greenhouse for tomato production in Mediterranean climates. The greenhouse thermal demand is firstly modelled with the TRNBuild tool and validated with real data obtained from a monitored greenhouse in southern Spain. The validated model is used to both study the system operation and determines the annual heating and cooling demands of a greenhouse with tomato crop (26.31 kW·h·m−2, and 61.97 kW·h·m−2, respectively), the energy performance of the system (solar fraction 54.92 %, and absorption chiller seasonal COP 0.624), and the annual biomass operational cost (2.70 €·m−2). This study also provides the specification of the main components (absorption chiller capacity, solar collector technology, absorbance area, biomass boiler thermal capacity, and water tank volume…) that can achieve these results. Moreover, the control for different typical days is shown</subfield>
   </datafield>
   <datafield ind1="8" ind2=" " tag="024">
      <subfield code="a">J. Prieto, R.M. Ajnannadhif, P. Fernández-del Olmo, A. Coronas, Integration of a heating and cooling system driven by solar thermal energy and biomass for a greenhouse in Mediterranean climates, Applied Thermal Engineering, Volume 221, 2023, 119928, ISSN 1359-4311, https://doi.org/10.1016/j.applthermaleng.2022.119928</subfield>
   </datafield>
   <datafield ind1="8" ind2=" " tag="024">
      <subfield code="a">https://hdl.handle.net/10630/33849</subfield>
   </datafield>
   <datafield ind1="8" ind2=" " tag="024">
      <subfield code="a">10.1016/j.applthermaleng.2022.119928</subfield>
   </datafield>
   <datafield tag="653" ind2=" " ind1=" ">
      <subfield code="a">Biomasa</subfield>
   </datafield>
   <datafield ind2="0" ind1="0" tag="245">
      <subfield code="a">Integration of a heating and cooling system driven by solar thermal energy and biomass for a greenhouse in Mediterranean climates</subfield>
   </datafield>
</record>
</metadata></record></GetRecord></OAI-PMH>